书目信息 |
| 题名: |
概率论、随机过程与数理统计
|
|
| 作者: | 王玉孝 , 柳金甫 , 姜炳麟 编 | |
| 分册: | ||
| 出版信息: | 北京 北京邮电大学出版社 2010.09 |
|
| 页数: | 315页 | |
| 开本: | 23cm | |
| 丛书名: | ||
| 单 册: | ||
| 中图分类: | O21 | |
| 科图分类: | ||
| 主题词: | 概率论--gai lu lun--高等学校--教材 , 随机过程--sui ji guo cheng--高等学校--教材 , 数理统计--shu li tong ji--高等学校--教材 | |
| 电子资源: | ||
| ISBN: | 978-7-5635-2423-5 | |
| 000 | 01205nam0 2200313 450 | |
| 001 | 012011228187 | |
| 005 | 20111117152213.23 | |
| 010 | @a978-7-5635-2423-5@dCNY34.00 | |
| 100 | @a20111117d2010 em y0chiy0120 ea | |
| 101 | 0 | @achi |
| 102 | @aCN@b110000 | |
| 105 | @ay z 000yy | |
| 106 | @ar | |
| 200 | 1 | @a概率论、随机过程与数理统计@Agai lu lun、sui ji guo cheng yu shu li tong ji@f王玉孝 ... [等] 编@Fwang yu xiao...[deng]bian |
| 205 | @a第2版 | |
| 210 | @a北京@c北京邮电大学出版社@d2010.09 | |
| 215 | @a315页@c图@d23cm | |
| 300 | @a应用型本科理工类基础课课程规划教材 | |
| 304 | @a题名页题 : 王玉孝, 柳金甫, 姜炳麟, 汪彩云编 | |
| 330 | @a本书分三篇,包括概率论的基本概念、随机变量及其分布、随机变量的数字特征等;随机过程的概念及其统计特性、马尔可夫链及平稳过程;数理统计的基本概念与采样分布、参数估计及假设检验。 | |
| 606 | 0 | @a概率论@Agai lu lun@x高等学校@j教材 |
| 606 | 0 | @a随机过程@Asui ji guo cheng@x高等学校@j教材 |
| 606 | 0 | @a数理统计@Ashu li tong ji@x高等学校@j教材 |
| 690 | @aO21@v4 | |
| 701 | 0 | @a王玉孝@Awang yu xiao@4编 |
| 701 | 0 | @a柳金甫@Aliu jin fu@4编 |
| 701 | 0 | @a姜炳麟@Ajiang bing lin@4编 |
| 801 | 0 | @aCN@bQSSK@c20111117 |
| 905 | @b795186-88@dO21@eW447@f3 | |
| 概率论、随机过程与数理统计/王玉孝 ... [等] 编.-第2版.-北京:北京邮电大学出版社,2010.09 |
| 315页:图;23cm |
| 应用型本科理工类基础课课程规划教材 |
| ISBN 978-7-5635-2423-5:CNY34.00 |
| 本书分三篇,包括概率论的基本概念、随机变量及其分布、随机变量的数字特征等;随机过程的概念及其统计特性、马尔可夫链及平稳过程;数理统计的基本概念与采样分布、参数估计及假设检验。 |
| ● |
| 相关链接 |
|
|
|
正题名:概率论、随机过程与数理统计
索取号:O21/W447
 
预约/预借
| 序号 | 登录号 | 条形码 | 馆藏地/架位号 | 状态 | 备注 |
| 1 | 795186 | 207951867 | 自科库401/401自科库 46排6列4层/ [索取号:O21/W447] | 在馆 | |
| 2 | 795187 | 207951876 | 自科库401/401自科库 46排6列4层/ [索取号:O21/W447] | 在馆 | |
| 3 | 795188 | 207951885 | 自科库401/401自科库 46排6列4层/ [索取号:O21/W447] | 在馆 |